000 00603nam a22001937a 4500
999 _c18134
_d18134
003 AR-CdUCM
008 190513b ||||| |||| 00| 0 spa d
040 _aMUNICIPALIDAD PROVINCIAL DEL CUSCO
_cBIBLIOTECA MUNICIPAL DEL CUSCO
082 _26ed.
_a182 /
_bV86
100 _aVon Hildebrand, Dietrich
_94054
245 _aPureza y virginidad /
260 _aBrouwer :
_bColección educación y familia,
_c1966.
300 _a213 paginas ;
_c20 cm.
500 _aEducación sobre sexualidad
650 _aSexualidad
_99609
650 _aHistoria
_9136
942 _2ddc
_cLIBROS
945 _apjha
_d2019-05-13